000 00593cab a2200205 4500
001 WB3506-50
008 090401t1999 xxu||||| |||| 00| 0 eng d
035 _a(Sirsi) u91246
041 _aeng
245 _aAid package gets cautious welcome
260 _c1999
350 _a0
490 _aScotsman
_v9 February 1999, 6(1)
520 _aThe Government`s proposed £3m aid package to assist the ailing salmon fishing industry has been given a cautious welcome.
650 _aFISH FARMING
650 _aSALMON FISHING
690 _aRURAL PRACTICE
942 _n0
948 _c11/02/1999
999 _c57900
_d57900